ბათუმის შოთა რუსთაველის სახელმწიფო უნივერსიტეტის ბიბლიოთეკა

The Oxford handbook of deaf studies in language / (ბიბ.ჩანაწერი № 58083)

000 -LEADER
fixed length control field 00978cam a2200229 i 4500
001 - CONTROL NUMBER
control field 18587618
005 - DATE AND TIME OF LATEST TRANSACTION
control field 20210610130525.0
008 - FIXED-LENGTH DATA ELEMENTS--GENERAL INFORMATION
fixed length control field 150423s2016 enka b 001 0 eng
020 ## - INTERNATIONAL STANDARD BOOK NUMBER
International Standard Book Number 9780190241414
041 ## - LANGUAGE CODE
Language code of text/sound track or separate title eng
080 ## - UNIVERSAL DECIMAL CLASSIFICATION NUMBER
Universal Decimal Classification number 376.33 T- 44
245 04 - TITLE STATEMENT
Title The Oxford handbook of deaf studies in language /
Statement of responsibility, etc. edited by Marc Marschark, Patricia Elizabeth Spencer.
264 #1 - PRODUCTION, PUBLICATION, DISTRIBUTION, MANUFACTURE, AND COPYRIGHT NOTICE
Place of production, publication, distribution, manufacture New York :
Name of producer, publisher, distributor, manufacturer Oxford University Press,
Date of production, publication, distribution, manufacture, or copyright notice 2016.
300 ## - PHYSICAL DESCRIPTION
Extent 460 pages :
Other physical details illustrations ;
Dimensions 27 cm.
653 ## - INDEX TERM--UNCONTROLLED
keyword ოქსფორდის სახელმძღვანელო ყრუ სწავლების ენაზე
653 ## - INDEX TERM--UNCONTROLLED
keyword Оксфордский справочник по изучению глухих по языку
653 ## - INDEX TERM--UNCONTROLLED
keyword პედაგოგიკა
653 ## - INDEX TERM--UNCONTROLLED
keyword педагогика
700 1# - ADDED ENTRY--PERSONAL NAME
Personal name Marschark, Marc.
Relator term რედაქტორი
9 (RLIN) 658
700 1# - ADDED ENTRY--PERSONAL NAME
Personal name Spencer, Patricia Elizabeth.
Relator term რედაქტორი
9 (RLIN) 659
942 ## - ADDED ENTRY ELEMENTS (KOHA)
Source of classification or shelving scheme
Koha item type წიგნი
ეგზემპლარები
Withdrawn status Lost status Source of classification or shelving scheme Damaged status Not for loan Permanent Location Current Location Shelving location Date acquired Cost, normal purchase price Full call number Barcode Date last seen Copy number Price effective from Koha item type Public note
          ბათუმის შოთა რუსთაველის სახელმწიფო უნივერსიტეტის მთავარი ბიბლიოთეკა ბათუმის შოთა რუსთაველის სახელმწიფო უნივერსიტეტის მთავარი ბიბლიოთეკა წიგნსაცავი 2021-06-10 531.00 376.33 T- 44 61368 2021-06-10 61368 2021-06-10 წიგნი 531 ლ.